000 01067nam0a22002651 4500
001 rc\2322455
005 20110829144301.0
035 _a(NLR Aleph) 006579716
090 _a7032665
_c7032665
100 _a20110829d1977 |||y0rusy50 ca
101 0 _arus
102 _aRU
105 _aa z |||||
200 1 _aГидротермальный способ приготовления комплексного стекольного сырья "каназит" на основе горных пород и продуктов их переработки
_fМ-во пром-сти строит. материалов АрмССР. НИИ камня и силикатов
210 _aЕреван
_cАйастан
_d1977
215 _a232, 6 с.
_cил.
_d21
320 _aБиблиогр.: с. 219-232
700 1 _aМелконян
_bГ. С.
_gГарегин Саркисович
801 0 _aRU
_bNLR
_gpsbo
801 1 _aRU
_bELAR
_2rusmarc
852 _aNLR
_j78-3/6363
899 _aRuMoRGB
_jБ 78-3/700
899 _aRuMoRGB
_jБ 78-3/701
942 _cBOOK
980 _aNB